000 00836nam a2200241 i 4500
005 20160130081750.0
008 140224s1997 xxu||||| |||| 00| 0 eng d
040 _aCO-BoIAVH
_cCO-BoIAVH
041 _aspa
_heng
044 _axxu
082 0 4 _a597.8
_bR28d
100 1 _aReaser, Jamie K.
245 1 3 _aLa desaparición de las ranas = Vanishing frogs :
_bMesoamérica y el Caribe = Mesoamerica and the Caribbean /
_ctexto Jaime K. Reaser.
246 _aVanishing frogs :
_bMesoamerica and the Caribbean
260 _aWashington
_bUSAID
_c1999?
300 _a28 páginas
546 _aTexto en español e inglés.
650 1 4 _aRanas
650 2 4 _aConservación de la diversidad biológica
650 2 4 _aConservación de especies
700 1 _aGalindo Leal, Carlos,
_eautor.
942 _cLIBRO
_2ddc
999 _c862
_d862